| 000 | 01009nam a2200265Ia 4500 | ||
|---|---|---|---|
| 003 | GCL | ||
| 008 | 140319s9999 xx 000 0 ara d | ||
| 020 | _a3053427977 | ||
| 040 |
_aGCL / _cGCL |
||
| 082 | 0 | 4 |
_a550 _bز ع |
| 100 | 1 | _aزغلول النجار | |
| 245 | 1 | 0 |
_aعلوم الارض فى الحضارة الاسلامية / _cزغلول النجار |
| 250 | _aالاولى | ||
| 260 |
_aالقاهرة : _bالدار المصرية اللبنانية ، _c2006 |
||
| 300 |
_a277 ص ؛ _c24 سم |
||
| 650 | 0 | 4 | _aالارض - نشأة |
| 650 | 0 | 4 | _aالارض - الحضارة الصينية القديمة |
| 650 | 0 | 4 | _aالارض - الحضارة الاغريقية |
| 650 | 0 | 4 | _aالارض - الحضارة الهندية القديمة |
| 650 | 0 | 4 | _aالارض - الحضارة الاسلامية |
| 650 | 0 | 4 | _aالارض - الحضارة الفرعونية |
| 650 | 0 | 4 | _aالارض - الحضارة الرومانية |
| 650 | 0 | 4 | _aالارض فى القران |
| 942 |
_2ddc _cBK |
||
| 999 |
_c9876 _d9876 |
||